PRIMA DAMMI UN BACIO (Record n. 105092)

Dettagli MARC
000 -LEADER
fixed length control field 02026agaaa2200313 4500
001 - CONTROL NUMBER
control field 8007
003 - CONTROL NUMBER IDENTIFIER
control field IT-RoPAU
005 - DATE AND TIME OF LATEST TRANSACTION
control field 20220918181228.0
007 - PHYSICAL DESCRIPTION FIXED FIELD--GENERAL INFORMATION
fixed length control field d cvaizq
008 - FIXED-LENGTH DATA ELEMENTS--GENERAL INFORMATION
fixed length control field 50131s9999||||xx ||| | || ||und||
040 ## - CATALOGING SOURCE
Original cataloging agency IT-RoPAU
Transcribing agency IT-RoPAU
041 ## - LANGUAGE CODE
Language code of text/sound track or separate title ITALIANO
100 ## - MAIN ENTRY--PERSONAL NAME
Personal name Lo Giudice Ambrogio
Miscellaneous information Codice regista SPICS: 59196
9 (RLIN) 39423
130 ## - MAIN ENTRY--UNIFORM TITLE
Uniform title PRIMA DAMMI UN BACIO
9 (RLIN) 39424
245 ## - TITLE STATEMENT
Title PRIMA DAMMI UN BACIO
Statement of responsibility, etc. Prodotto da: Morabito V. Belardi -- Sceneggiatura: Lo Giudice Ambrogio -- Diretto da: Lo Giudice Ambrogio
Name of part/section of a work PRIMA DAMMI UN BACIO (Rif. Codice opera principale : H8007)
250 ## - EDITION STATEMENT
Edition statement Edizione Standard
260 ## - PUBLICATION, DISTRIBUTION, ETC. (IMPRINT)
Place of publication, distribution, etc. (ITALIA)
Name of publisher, distributor, etc. SUNFLOWER PRODUCTION / Distribuzione: MONDADORI
Date of manufacture "2003 (1° ed.: 2007 ; Ed. Lingua Orig.: 2003)"
300 ## - PHYSICAL DESCRIPTION
Extent DVD
Other physical details sonoro, col.
Dimensions 88 minuti
508 ## - CREATION/PRODUCTION CREDITS NOTE
Creation/production credits note "Fotografia: Corticelli Gianfilip; Montaggio: Manzoni Paolo; Musica: Dalla Lucio; Sceneggiatura: Lo Giudice Ambrogio; Scenografia: Scarpa Leonardo; "
511 ## - PARTICIPANT OR PERFORMER NOTE
Participant or performer note "Rocca Stefania; Cocci Marco; Zingaretti Luca; Filippi Camilla; Mannoia Fiorella"
520 ## - SUMMARY, ETC.
Summary, etc. "ADELE E MARCELLO SONO SEGNATI DAL DESTINO FIN DALLA NASCITA: NASCONO NELLOSTESSO ISTANTE E DA QUEL MOMENTO SARANNO TESTIMONI DI UN'INCREDIBILE STORIA D'AMORE: DUE META' DELLA STESSA ANIMA CHE IL DESTINO HA VOLUTO UNIRE ALLANASCITA E DIVIDERE PER UNA VITA INTERA. O QUASI, LORIS, TESTIMONE E NARRATORE DELLA LORO LUNGA STORIA DOPO AVER CELEBRATO PER GIOCO IL LORO MATRIMONIO DA BAMBINI, LI SEGUIRA' PER TUTTA LA VITA CONDIVIDENDO SENSAZIONI, EMOZIONI ED ESPERIENZE. CONTRIBUTI EXTRA: BACKSTAGE; INTERVISTE CON CAST E REGISTA; SCENE ELIMINATE; VIDEOCLIP DI LUCIO DALLA."
538 ## - SYSTEM DETAILS NOTE
System details note PAL, STEREO
546 ## - LANGUAGE NOTE
Language note ITALIANO
650 ## - SUBJECT ADDED ENTRY--TOPICAL TERM
Topical term or geographic name as entry element COMMEDIA
Relator term DVD-FILM [DVD]
General subdivision Codice MATERIA SPICS: 9947
9 (RLIN) 36668
700 ## - ADDED ENTRY--PERSONAL NAME
Personal name Dalla Lucio
Relator term (musica)
Miscellaneous information Codice Musica SPICS: 10843
9 (RLIN) 39425
700 ## - ADDED ENTRY--PERSONAL NAME
Personal name Lo Giudice Ambrogio
Relator term (regista)
Miscellaneous information Codice regista SPICS: 59196
9 (RLIN) 39426
700 ## - ADDED ENTRY--PERSONAL NAME
Personal name Lo Giudice Ambrogio
Relator term (soggetto)
Miscellaneous information Codice Soggetto SPICS: 59196
9 (RLIN) 39427
942 ## - ADDED ENTRY ELEMENTS (KOHA)
Koha item type DVD
Source of classification or shelving scheme Dewey Decimal Classification
Dati di copia
Withdrawn status Lost status Damaged status Not for loan Home library Current library Date acquired Total Checkouts Full call number Date last seen Price effective from Koha item type Public note
    Buone Condizioni Not For Loan SPICS-MEDIATECA SPICS-MEDIATECA 31/01/2015   H8007 31/01/2015 31/01/2015 DVD Progr. Ins.: 3657 / N.Vol.:1 / Copie: 1 / Pag.:0 / Copia rara: n.d. / date import: 1.2.2015 / By Epidotti, Trombetti, Vaglietti
CREDITS: SOCIETA' SAN PAOLO Via A.Severo, 58 - ROMA (RM) & PERIODICI SAN PAOLO SRL Via Giotto, 36 MILANO & CISF Via Giotto, 36 MILANO & EDIZIONI SAN PAOLO SRL,  Piazza Soncino, 5 CINISELLO BALSAMO (MI) -- ITALY